Sélections nationales de football par logo (partie 2) - Statistiques

Statistiques générales
  • Ce quiz a été pris 448 fois
  • Le résultat moyen est 12 sur 16
Statistiques - réponses
Par images Réponse % Correct
Belgique
99%
Pays-Bas
98%
Canada
96%
Grèce
95%
Algérie
94%
Irlande
94%
Cameroun
91%
Autriche
90%
Pérou
88%
Arabie Saoudite
71%
Laos
65%
Costa Rica
60%
Slovénie
58%
Kazakhstan
56%
Papouasie-Nouvelle-Guinée
40%
Timor Oriental
32%
Aucun quiz correspondant
Distribution des résultats
% des personnes avec chaque résultat
Percentile par nombre de réponses
Votre historique - résultats
Vous n’avez pas pris ce quiz